A history of Europe in the modern world

Salvato in:
Dettagli Bibliografici
Autore principale: KRAMER, Lloyd Palmer, R.R. Colton Joel
Natura: Libro
Lingua:inglese
Pubblicazione: McGraw-Hill Education
Tags: Aggiungi Tag
Nessun Tag, puoi essere il primo ad aggiungerne!!

MARC

LEADER 00000nam a22000007a 4500
008 210816b ||||| |||| 00| 0 eng d
020 |a 9781260548051 
100 |a KRAMER, Lloyd  |a Palmer, R.R.  |a Colton Joel 
245 |a A history of Europe in the modern world  |c Lloyd Karmer  |g xxxi,1090p;ill 
250 |b 12th 
260 |b McGraw-Hill Education  |d 2020  |h New York  |i 696845  |i  696847  |l D209.K85  |m History, Modern  |m Europe-History-1492- 
500 |a it includes references and index 
942 |a lcc  |c BK  |e Johnson  |f 16/08/21 
952 |0 0  |1 0  |2 lcc  |4 0  |6 D0209 K85  |7 0  |9 3059  |a ART  |b HOL  |c AF  |d 2021-08-16  |l 0  |o D209.K85  |p 2021-66758  |r 2021-08-16 00:00:00  |w 2021-08-16  |y BK 
952 |0 0  |1 0  |2 lcc  |4 0  |6 D0209 K85  |7 0  |9 3060  |a HOL  |b HOL  |c AF  |d 2021-08-16  |l 0  |o D209.K85  |p 2021-66759  |r 2021-08-16 00:00:00  |w 2021-08-16  |y BK 
999 |c 1550  |d 1550